plastic palm trees - Tate McRae - Statistics

General Stats
  • This quiz has been taken 14 times
  • The average score is 250 of 304
Answer Stats
% Correct
a
100%
came
100%
I
100%
in
100%
In
100%
it
100%
It
100%
(It
100%
not
100%
that
100%
to
100%
To
100%
who
100%
You
100%
you
100%
all
89%
an
89%
at
89%
backseat
89%
be
89%
be)
89%
Caught
89%
do
89%
dream
89%
dreams
89%
fine
89%
"I'm
89%
It's
89%
(It's
89%
like
89%
lookin'
89%
my
89%
nothin'
89%
Oh,
89%
oh
89%
palm
89%
perfect
89%
plastic
89%
Plastic
89%
real,
89%
say
89%
seems
89%
sittin'
89%
so
89%
the
89%
Thought
89%
thought
89%
trees"
89%
trees
89%
true
89%
Used
89%
used
89%
was
89%
we
89%
what
89%
window,
89%
with
89%
beat
78%
Bet
78%
better
78%
could
78%
friend
78%
go
78%
Go
78%
happy
78%
just
78%
liquor
78%
lonely
78%
looked
78%
me
78%
mirror,
78%
out
78%
out,
78%
Out
78%
parking
78%
party
78%
really
78%
sorry,
78%
'til
78%
'Til
78%
view
78%
were
78%
worth
78%
would
78%
your
78%
about
67%
around
67%
dead
67%
downtown
67%
drama
67%
dress
67%
drive
67%
every
67%
everything
67%
friends
67%
head
67%
lot,
67%
new
67%
Now
67%
runs
67%
said
67%
Starin'
67%
talk
67%
town
67%
underwhelming
67%
(Ah
56%
ah
56%
ah)
56%
boyfriend
56%
how
56%
how)
56%
know
56%
motive
56%
our
56%
'round
56%
somebody
56%
somethin'
56%
weekend
56%
Wrangler
56%
you'd
56%
blue
44%
Didn't
44%
doesn't
44%
doin'
44%
Had
44%
keep
44%
mess
44%
need
44%
of
44%
well,
44%
find
33%
hit
33%
if
33%
saw
33%
No matching quizzes found
Score Distribution
Percent of People with Each Score
Percentile by Number Answered
Your Score History
You have not taken this quiz